TRABAJOS sobre ingeniería estructural. 5: Instabilitá dei telai elastici piani, di Aldo Raithel.
Guardado en:
| Formato: | Libro |
|---|---|
| Idioma: | Italian |
| Materias: | |
| Etiquetas: |
Agregar Etiqueta
Sin Etiquetas, Sea el primero en etiquetar este registro!
|
| LEADER | 00401nam a22001215a 4500 | ||
|---|---|---|---|
| 001 | EUN.um037896 | ||
| 003 | AR-BaUNS | ||
| 005 | 20050623122910.0 | ||
| 008 | 041125b########xx############000#0#ita#d | ||
| 245 | 0 | 0 | |a TRABAJOS sobre ingeniería estructural. 5: Instabilitá dei telai elastici piani, di Aldo Raithel. |
| 082 | 0 | 4 | |a 624.18 |
| 653 | |a Raithel, Aldo | ||
| 859 | |a Ar-BaUNS |b BIB. CENTRAL - Sector C |h 624.18 |i T67 |p 49821/968 |v v.5 | ||
